Limits to EU powers: a case study of EU regulatory criminal law

Saved in:
Bibliografiske detaljer
Hovedforfatter: Oberg, Jacob (Author)
Format: Bog
Sprog:engelsk
Udgivet: Oxford Hart Publishing 2017
Serier:Hart Studies in European Criminal Law
Fag:
Tags: Tilføj Tag
Ingen Tags, Vær først til at tagge denne postø!

MARC

LEADER 00000cam a2200000 a 4500
001 UCC9026
003 CL-VaPUC
008 190904e20170000uk |||||||||||||||||eng|d
020 |a 9781509903351 
082 0 4 |a 345.240122  |b OBE  |2 21 
100 0 |a Oberg, Jacob  |e author  |9 603786 
245 1 0 |a Limits to EU powers: a case study of EU regulatory criminal law 
300 |a 220 p 
942 |c BK 
945 |d 20190904 15:40:00  |a cmena 
260 |a Oxford  |b Hart Publishing  |c 2017 
650 7 |a PAISES DE LA UNION EUROPEA  |2 CL-VaPUC  |9 553442 
650 7 |a DERECHO PENAL EUROPEO  |2 CL-VaPUC  |9 547855 
650 0 |a Jurisprudencia  |9 255952 
650 0 |a Tratados internacionales   |9 256056 
650 7 |a JUSTICIA CRIMINAL  |2 CL-VaPUC  |9 439912 
583 |a last modification  |c 20190904 15:40:00  |k Rodrigo Vera 
490 0 |a Hart Studies in European Criminal Law 
999 |c 375221  |d 375219 
952 |0 0  |1 0  |3 erd  |4 0  |6 345_240122000000000_OBE_2017  |7 0  |8 WP_COW  |9 561166  |a BIBDER  |b BIBDER  |e Fundación W and P Cowley  |i 5597846  |o 345.240122 OBE 2017  |p 5597846  |r 2023-01-25  |w 2020-03-12  |y BK  |z Catalogado en:20190904  |k WPC